| 000 | 00582nam a22001937a 4500 | ||
|---|---|---|---|
| 005 | 20161104102114.0 | ||
| 010 | _aENG-116197 | ||
| 020 |
_a9789380677705 _c650.00 |
||
| 035 | _aEN-99729 | ||
| 037 | _bDBAD/PUB | ||
| 082 | _a304.2 | ||
| 245 |
_aHistory and the changing horizon / _bedited by Amit Bhattachryya [and] Mahua Sarkar |
||
| 260 |
_aKolkata _bSetu Prakashni _c2014 |
||
| 270 |
_a12/A Sankar Ghosh Lane _bKolkata _e700006 |
||
| 300 |
_avii,345p. _b22cm(Hb) |
||
| 700 | _a Bhattachryya,Amit | ||
| 700 | _aSarkar,Mahua | ||
| 942 |
_2ddc _cEN _h304.2 _mHIS |
||
| 999 |
_c103955 _d103955 |
||